Catalog

Record Details

Catalog Search



The untethered soul  : the journey beyond yourself  Cover Image Book Book

The untethered soul : the journey beyond yourself / Michael A. Singer

Singer, Michael A. (Author).

Record details

  • ISBN: 9781572245372
  • Physical Description: 181 stran : ilustrace ; 23 cm
  • Publisher: Oakland : New Harbinger Publications, 2007

Available copies

  • 1 of 1 copy available at Common Catalog SPOK.

Holds

  • 0 current holds with 1 total copy.
Show Only Available Copies
Location Call Number / Copy Notes Barcode Shelving Location Status Due Date
Jabok Library PT-8/S 424480042182 Odborná literatura Available -

LDR 02094cam a22005057i 4500
00131980
003CZ-PrJAB
00520190626121245.0
008171028s2007 xxu|||||||||||000 0|eng|d
020 . ‡a9781572245372
040 . ‡aBOKR ‡bcze ‡erda ‡dABG312
08204. ‡a153 ‡222
1001 . ‡aSinger, Michael A. ‡4aut
24514. ‡aThe untethered soul : ‡bthe journey beyond yourself / ‡cMichael A. Singer
264 1. ‡aOakland : ‡bNew Harbinger Publications, ‡c2007
300 . ‡a181 stran : ‡bilustrace ; ‡c23 cm
336 . ‡atext ‡btxt ‡2rdacontent
337 . ‡abez média ‡bn ‡2rdamedia
338 . ‡asvazek ‡bnc ‡2rdacarrier
6530 . ‡aspiritualita ‡ameditace
910 . ‡aABG312
995 . ‡aska
901 . ‡a31980 ‡b ‡c31980 ‡tbiblio

Additional Resources